Windows Vista : (Record no. 35835)

MARC details
000 -LEADER
fixed length control field 00509nam a22001697a 4500
005 - DATE AND TIME OF LATEST TRANSACTION
control field 20240603130127.0
008 - FIXED-LENGTH DATA ELEMENTS--GENERAL INFORMATION
fixed length control field 240603b |||||||| |||| 00| 0 eng d
020 ## - INTERNATIONAL STANDARD BOOK NUMBER
ISBN 9788120331433
082 ## - DEWEY DECIMAL CLASSIFICATION NUMBER
Classification number 005.6
Item number STA-W
100 ## - MAIN ENTRY--AUTHOR
Author Name Stanek, Willam R.
245 ## - TITLE STATEMENT
Title Windows Vista :
Remainder of title Administrators Pocket Consultant /
Statement of responsibility, etc. William R.Stanek
260 ## - PUBLICATION, DISTRIBUTION, ETC.
Place of Publication USA:
Name of publisher, distributor, etc. Prentice Hall;
Date of publication, distribution, etc. 2007.
300 ## - PHYSICAL DESCRIPTION
Pages xiv, 547 p .:
650 ## - SUBJECT ADDED ENTRY--TOPICAL TERM
Subject / Department computer science/ Web Operating system
300 ## - PHYSICAL DESCRIPTION
-- ill;
-- 22 cm.
505 ## -
-- include index.
952 ## - LOCATION AND ITEM INFORMATION (KOHA)
-- 0
-- 0
Holdings
Lost status Damaged status Collection code Permanent Location Current Location Shelving Location Date acquired Full Call Number Accession No./Barcode Date last seen item type Koha item type
    CS/IT Superior Information Resource Center (SIRC) Superior University- Gold Campus Superior Information Resource Center (SIRC) Superior University- Gold Campus web operating system 06/03/2024 005.6 STA-W 2007 16383 06/03/2024 BOOK BOOK

Powered by Koha